000
00324nam a2200109Ia 4500
008
200302s9999 xx 000 0 und d
100
_a
Topos ed
245
_a
Parks Grune Freiraume in Europas Stadten Green Urban spaces ineuropean cities
260
_b
Birkhauser Publisher for Architecture
260
_c
2002
300
_a
128 P.,
999
_c
5402
_d
5402